000 01412nam0a22002891 4500
001 rc\212162
005 20260407114034.0
010 _a5-88151-014-3
_9150
035 _a(NLR Aleph) 005461932
090 _a4963742
_c4963742
100 _a20030307d1995 |||y0rusy50 ca
101 0 _arus
102 _aRU
105 _aa |||||||||
200 1 _aЭЛЕКТРИЧЕСКИЕ машины и электромашинные системы
_eМежвуз. сб. науч. тр.
_fГос. ком. Рос. Федерации по высш. образованию. Акад. электротехн. наук Рос. Федерации, Перм. гос. техн. ун-т
_g[Редкол.: акад. АЭН РФ, д. т. н. Н.В. Шулаков (отв. ред.) и др.]
210 _aПермь
_cПерм. гос. техн. ун-т
_d1995
215 _a191 с.
_cил.
_d20
300 _aНа обл.: 40 лет кафедре электротехники
320 _aБиблиогр. в конце ст.
512 0 _a40 лет кафедре электротехники
702 1 _aШулаков
_bН.В.
_gНиколай Васильевич
_4340
712 0 2 _aПермский государственный технический университет
_3RU\NLR\AUTH\889945866
_9387188
801 0 _aRU
_bNLR
_gpsbo
801 1 _aRU
_bELAR
_2rusmarc
852 _aNLR
_j95-3/9258
942 _cBOOK
980 _aNB